000 00497nam a2200181Ia 4500
005 20250508161520.0
008 008 250505s9999 xx 000 0 hin d
037 _aTextual
040 _aFEDL
_beng
_cFEDL
041 _ahin
_2hin
084 _a910.7, JAI
_qFEDL
100 _aJaiswal Sitaram
_9757808
245 0 _aBhoogoal shikshan
260 _aBanaras, India
_bNanad Kishore and Brothers
_c1951
300 _a167p.
942 _cTEXL
_h910.7, JAI
999 _c1370453
_d1370453